Reporte de avance del estudio nacional del agua. (Registro nro. 20566)

Detalles MARC
000 -CABECERA
Campo de control 00761nam a22002177a 4500
005 - FECHA Y HORA DE LA ULTIMA TRANSACCION
Campo de control 20191107113324.0
008 - ELEMENTOS DE LONGITUD FIJA—INFORMACION GENERAL
Campo de control 191107b xxu||||| |||| 00| 0 spa d
040 ## - FUENTE DE CATALOGACIÓN
Agencia catalogadora original CO-BoIAVH
Agencia transcriptora CO-BoIAVH
041 ## - IDIOMA
Código de idioma para texto/pista de sonido o título separado Español
044 ## - PAÍS DE PUBLICACIÓN
País de publicación Colombia
082 ## - NUMERO DE CLASIFICACION DECIMAL DEWEY
Número de clasificación 333.9116
Número del ítem Id23r
110 ## - ASIENTO PRINCIPAL--NOMBRE CORPORATIVO
9 (RLIN) 1570
Nombre corporativo o de jurisdicción como elemento de entrada IDEAM
245 ## - MENCION DE TITULO
Título Reporte de avance del estudio nacional del agua.
260 ## - PUBLICACION, DISTRIBUCION, ETC. (PIE DE IMPRENTA)
Lugar de publicación, distribución, etc. Bogotá:
Nombre del editor, distribuidor, etc. Instituto de Hidrológica, Meteorología y Estudios Ambientales,
Fecha de publicación, distribución, etc. 2018.
300 ## - DESCRIPCION FISICA
Extensión 54 Páginas:
Otros detalles físicos tablas, gráficos, fotografías y mapas
Dimensiones 28 x 22 cm
650 #0 - ASIENTO SECUNDARIO DE MATERIA - TERMINO TEMATICO
9 (RLIN) 2099
Término temático o nombre geográfico como elemento de entrada Investigación ambiental
Subdivisión geográfica Colombia.
650 #0 - ASIENTO SECUNDARIO DE MATERIA - TERMINO TEMATICO
9 (RLIN) 54907
Término temático o nombre geográfico como elemento de entrada Calidad de Agua
650 #0 - ASIENTO SECUNDARIO DE MATERIA - TERMINO TEMATICO
9 (RLIN) 101928
Término temático o nombre geográfico como elemento de entrada sistemas hídricos superficiales
650 #0 - ASIENTO SECUNDARIO DE MATERIA - TERMINO TEMATICO
9 (RLIN) 101929
Término temático o nombre geográfico como elemento de entrada sistemas hídricos subterráneos
942 ## - ELEMENTOS ADICIONALES (KOHA)
Sistema de clasificación Dewey Decimal Classification
Tipo de ítem Libro
Existencias
Withdrawn status Lost status Sistema de Clasificación Damaged status No para préstamo Colección Ubicación Permanente Ubicación actual Fecha de adquisición Total Checkouts Número topográfico Inventario / Código de Barras Date last seen Ejemplar Price effective from Forma de adquisición Tipo de material
    Dewey Decimal Classification     General Bogotá Bogotá 07/11/2019   LB-333.9116 Id23r 043706 07/11/2019 Ej.1 07/11/2019 Canje Libro